000 01148cam a22002771i 4500
003 SA-RiAUC
005 20241022073727.0
008 241022s1987 le g 00000 ara c
040 _aSA-RiAUC
_bara
_cSA-RiAUC
_erda
082 0 4 _a251
090 _a251
_bأ ب و و
100 1 _aأبو الوليد الباجي، سليمان بن خلف بن سعد،
_d403-474 هجري
_eمؤلف.
245 1 0 _aكتاب المنهاج فى ترتيب الحجاج /
_cأبو الوليد الباجي ؛ تحقيق عبد المجيد التركي.
246 3 0 _aالمنهاج فى ترتيب الحجاج
250 _aالطبعة الثانية.
264 1 _aبيروت :
_bدار الغرب الإسلامي،
_c1987
300 _a285،22 صفحة ؛
_c24 سم
336 _aنص
_btxt
_2rdacontent
_3كتاب
337 _aبدون وسيط
_bn
_2rdamedia
338 _aمجلد
_bnc
_2rdacarrier
650 7 _aأصول الفقه الإسلامي
_2aucsh
700 1 _aتركي، عبد المجيد،
_d1931-2010
_eمحقق.
942 _2ddc
_cBOOK
_n0
949 _aSA-JeALM
_d241022
_umohamedma123
_n1
999 _c1577
_d1577